[Event "21st Poznan Open"]
[Site "Poznan POL"]
[Date "2013.08.11"]
[Round "6.12"]
[White "Magnucka,A"]
[Black "Magnucka,M"]
[Result "0-1"]
[WhiteElo "1851"]
[BlackElo "1970"]

1.e4 c5 2.Nf3 d6 3.d4 cxd4 4.Nxd4 Nf6 5.Nc3 a6 6.Be3 e5 7.Nb3 Be6 8.f3 Be7
9.Qd2 O-O 10.O-O-O b5 11.g4 Nbd7 12.Qf2 b4 13.Nd5 Bxd5 14.exd5 a5 15.g5 Nh5
16.Qh4 Nf4 17.Bxf4 exf4 18.Bd3 h6 19.Nd4 Bxg5 20.Qh3 Ne5 21.Be4 a4 22.Rhg1 Nc4
23.Qh5 Qf6 24.Qh3 Ne3 25.Rd2 a3 26.b3 Qe5 27.Rd3 f5 28.Ne6 fxe4  0-1

[Event "10th Malaysian Open"]
[Site "Kuala Lumpur MAS"]
[Date "2013.08.12"]
[Round "4.16"]
[White "Dela Cruz,N"]
[Black "Lim,Z"]
[Result "1-0"]
[WhiteElo "2343"]
[BlackElo "2192"]

1.e4 c5 2.Nf3 d6 3.d4 cxd4 4.Nxd4 Nf6 5.Nc3 a6 6.Be3 e5 7.Nb3 Be6 8.Qd2 Nbd7
9.f3 h5 10.O-O-O Be7 11.Kb1 b5 12.g3 Rc8 13.h3 Nb6 14.Qf2 Nfd7 15.Nd5 Bxd5
16.exd5 Nc4 17.Bc1 Qc7 18.Bd3 Ndb6 19.Be4 g6 20.g4 a5 21.f4 Na4 22.fxe5 dxe5
23.Bd3 h4 24.g5 Bd6 25.Rde1 O-O 26.Qxh4 Naxb2 27.Bxc4 Nxc4 28.Qe4 Bb4 29.Re2 Nd6
30.Qg4 Bc3 31.h4 a4 32.h5 axb3 33.cxb3 Bd4 34.hxg6 fxg6 35.Reh2 Qg7 36.Qe6+ Nf7
37.Ba3 Rfe8 38.Rh8+ Qxh8 39.Rxh8+ Kxh8 40.Qxf7 Ra8 41.Be7 e4 42.d6 Rg8 43.Qd5 Bc3
44.Qxe4 b4 45.d7 Kg7 46.Qd5  1-0

[Event "10th Malaysian Open"]
[Site "Kuala Lumpur MAS"]
[Date "2013.08.12"]
[Round "4.19"]
[White "Zhai Mo"]
[Black "Dahale,A"]
[Result "0-1"]
[WhiteElo "2319"]
[BlackElo "2109"]

1.e4 c5 2.Nf3 d6 3.d4 cxd4 4.Nxd4 Nf6 5.Nc3 a6 6.Be3 e5 7.Nb3 Be6 8.Qd2 Be7
9.O-O-O O-O 10.f4 b5 11.f5 Bc4 12.g4 Nxg4 13.Rg1 Nxe3 14.Qxe3 Kh8 15.Qg3 Rg8
16.Bxc4 bxc4 17.Nd2 Nc6 18.Nxc4 Nd4 19.Qd3 Rb8 20.Nd5 Bg5+ 21.Kb1 f6 22.Qa3 Qc8
23.Rxd4 exd4 24.Nxd6 Qd7 25.Qc5 Rgd8 26.Nc4 Rdc8 27.Ncb6 Qc6 28.Qxc6 Rxc6
29.Na4 Re8 30.Re1 g6 31.fxg6 hxg6 32.b3 f5 33.e5 Rce6 34.Rd1 Rxe5 35.Rxd4 f4
36.Rd3 f3 37.Nc7 f2 38.Rf3 Re1+ 39.Kb2 Bc1+  0-1

[Event "Stare Mesto Open 2013"]
[Site "Stare Mesto CZE"]
[Date "2013.08.12"]
[Round "5.13"]
[White "Fuskova,M"]
[Black "Rabatin,J"]
[Result "0-1"]
[WhiteElo "1914"]
[BlackElo "2237"]

1.e4 c5 2.Nf3 d6 3.d4 cxd4 4.Nxd4 Nf6 5.Nc3 a6 6.Be3 e5 7.Nb3 Be7 8.Be2 O-O
9.f3 Be6 10.g4 Nbd7 11.Qd2 b5 12.g5 b4 13.Nd5 Nxd5 14.exd5 Bf5 15.h4 Qc7
16.Bd3 Bxd3 17.Qxd3 Rfc8 18.Rh2 a5 19.O-O-O Nb6 20.Bxb6 Qxb6 21.Re2 Rc7 22.Kb1 a4
23.Nc1 Rac8 24.Rde1 Qb7 25.Rg1 Rc5 26.Rd1 g6 27.Rh2 Rc4 28.Qe3 Qd7 29.Rdd2 Qf5
30.Qd3 Qf4 31.Qe2 Qg3 32.Qg2 Qxg2 33.Rdxg2 Rd4 34.Rd2 Rcc4 35.Rxd4 Rxd4 36.Nd3 Rxd5
37.Kc1 Rd4 38.Kd2 f6 39.gxf6 Bxf6 40.h5 Rc4 41.hxg6 hxg6 42.b3 axb3 43.axb3 Rd4
44.Rg2 Kf7 45.Rg4 Rxg4 46.fxg4 Bd8 47.Ke3 Ba5 48.Nb2 Ke6 49.Na4 Kd5 50.Nb2 Bb6+
51.Kd3 e4+ 52.Ke2 Bc5 53.Nc4 Kd4 54.Kd2 d5 55.Ne3 Ke5 56.Ng2 d4 57.Ke2 Bd6
58.Kf2 Kf6 59.Ne1 Kg5  0-1

[Event "Stare Mesto Open 2013"]
[Site "Stare Mesto CZE"]
[Date "2013.08.13"]
[Round "6.7"]
[White "Rabatin,J"]
[Black "Jurcik,Mart"]
[Result "1/2-1/2"]
[WhiteElo "2237"]
[BlackElo "2347"]

1.e4 c5 2.Nf3 d6 3.d4 cxd4 4.Nxd4 Nf6 5.Nc3 a6 6.Be3 e5 7.Nb3 Be7 8.f3 Be6
9.Qd2 O-O 10.O-O-O Qc7 11.Qf2 Nbd7 12.g4 b5 13.Kb1 b4 14.Nd5 Bxd5 15.exd5 Rfb8
16.g5 Nh5 17.Qh4 g6 18.Qc4 Qxc4 19.Bxc4 Bd8 20.Rhe1 Kf8 21.Nd2 Bb6 22.Ne4 Bxe3
23.Rxe3 Nb6 24.Bf1 Ke7 25.c3 Nf4 26.cxb4 Nbxd5 27.Rb3 Rb6 28.Rc1 Ra7 29.b5 a5
30.Rc6 a4 31.Ra3 Rxc6 32.bxc6 Nc7 33.Nc3 Nfe6 34.b4 Nxg5 35.b5 Na8 36.Nd5+ Kd8
37.Rc3 Ne6 38.b6 Nxb6 39.Nxb6 Nf4 40.a3 Kc7 41.Nc4 f5 42.Nb2 e4  1/2-1/2

[Event "Stare Mesto Open 2013"]
[Site "Stare Mesto CZE"]
[Date "2013.08.15"]
[Round "8.11"]
[White "Rabatin,J"]
[Black "Marikova,J"]
[Result "1-0"]
[WhiteElo "2237"]
[BlackElo "2045"]

1.e4 c5 2.Nf3 d6 3.d4 cxd4 4.Nxd4 Nf6 5.Nc3 a6 6.Be3 e5 7.Nb3 Be7 8.f3 O-O
9.Qd2 Be6 10.O-O-O Nbd7 11.g4 b5 12.g5 b4 13.Ne2 Ne8 14.f4 a5 15.f5 a4 16.fxe6 axb3
17.exf7+ Rxf7 18.Kb1 Rxa2 19.Nc1 Qa8 20.Nxb3 Kh8 21.Bb5 Bxg5 22.Bxg5 Nc5
23.Qd5 Rxb2+ 24.Kxb2 Qa3+ 25.Kb1 Ra7 26.Rdf1 Nf6 27.Rxf6 Qa2+ 28.Kc1 Nxb3+
29.Qxb3 Qa1+ 30.Kd2  1-0

[Event "Stare Mesto Open 2013"]
[Site "Stare Mesto CZE"]
[Date "2013.08.17"]
[Round "10.5"]
[White "Rabatin,J"]
[Black "Cerveny,M"]
[Result "0-1"]
[WhiteElo "2237"]
[BlackElo "2327"]

1.e4 c5 2.Nf3 d6 3.d4 cxd4 4.Nxd4 Nf6 5.Nc3 a6 6.Be3 e5 7.Nb3 Be6 8.f3 Nbd7
9.g4 Nb6 10.g5 Nh5 11.Qd2 Be7 12.O-O-O Rc8 13.Kb1 O-O 14.Rg1 g6 15.Qf2 Nc4
16.Bxc4 Bxc4 17.Nd5 Bxd5 18.exd5 f6 19.h4 fxg5 20.hxg5 Nf4 21.Bxf4 Rxf4 22.Nd2 Qd7
23.Ne4 Rcf8 24.Qg2 Qf5 25.Rdf1 Kg7 26.Nd2 Rf7 27.a3 b5 28.Qg3 Rd4 29.Ne4 Rxd5
30.Qe1 Rd4 31.Qa5 d5 32.Ng3 Qe6 33.Qc3 b4 34.axb4 Bxb4 35.Qe3 Bd2 36.Qa3 Rb7
37.Rd1 Bb4 38.Qb3 a5 39.Qe3 Bc5 40.Qe2 Rdb4  0-1

[Event "3rd Isthmia Open"]
[Site "Vrachati GRE"]
[Date "2013.08.18"]
[Round "1.1"]
[White "Fedorchuk,S"]
[Black "Kelires,Andreas"]
[Result "0-1"]
[WhiteElo "2669"]
[BlackElo "2075"]

1.e4 c5 2.Nf3 d6 3.d4 cxd4 4.Nxd4 Nf6 5.Nc3 a6 6.Be3 e5 7.Nb3 Be6 8.h3 Be7
9.f4 exf4 10.Bxf4 Nc6 11.Qe2 Qc7 12.O-O-O Ne5 13.g4 O-O 14.g5 Nfd7 15.Nd5 Bxd5
16.exd5 Rfe8 17.h4 Rac8 18.Qg2 Nb6 19.h5 Nbc4 20.Rh2 a5 21.g6 Bf6 22.gxh7+ Kh8
23.h6 Ng6 24.Bg5 Bxb2+ 25.Kb1 Be5 26.hxg7+ Bxg7 27.Bxc4 Qxc4 28.Bh6 Bxh6
29.Rxh6 Re2 30.Rxg6 Qxc2+  0-1

[Event "Brasschaat Open 2013"]
[Site "Brasschaat BEL"]
[Date "2013.08.20"]
[Round "4.18"]
[White "Van De Vaerd,Miguel"]
[Black "Boucquet,Emile"]
[Result "0-1"]
[WhiteElo "1807"]
[BlackElo "2055"]

1.e4 c5 2.Nf3 d6 3.d4 cxd4 4.Nxd4 Nf6 5.Nc3 a6 6.Be3 e5 7.Nb3 Be6 8.Qd2 Nbd7
9.O-O-O b5 10.f4 Rc8 11.Kb1 Be7 12.f5 Bc4 13.g4 Nxg4 14.Rg1 Nxe3 15.Qxe3 Qb6
16.Qxb6 Nxb6 17.Rxg7 b4 18.Nd5 Nxd5 19.exd5 Bf6 20.Rg4 Bxf1 21.Rxf1 Rb8 22.Nd2 Ke7
23.Rc4 Rhc8 24.Rg1 Rxc4 25.Nxc4 Rb5 26.Rd1 Bh4 27.Rd3 Bf2 28.Kc1 e4 29.Rd2 Rc5
30.Rxf2 Rxc4 31.f6+ Kd7 32.Rf4 Rd4 33.c3 bxc3 34.bxc3 Rxd5 35.Rxe4 Re5 36.Rh4 h5
37.Kd2 Ke6 38.Rc4 Kxf6 39.Rc6 Ra5 40.Rxd6+ Ke5 41.Rh6 Rxa2+ 42.Kd3 Rxh2 43.Rxa6 Rh3+
44.Ke2 f5 45.c4 Kf4 46.Rd6 Rh2+ 47.Kd3 h4 48.Rd4+ Kf3 49.c5 Rh1 50.c6 Rd1+
51.Kc4 Rc1+ 52.Kd5 h3  0-1

[Event "9th BDO Premier"]
[Site "Haarlem NED"]
[Date "2013.08.21"]
[Round "5.4"]
[White "Bok,B"]
[Black "Bosboom,M"]
[Result "1/2-1/2"]
[WhiteElo "2527"]
[BlackElo "2396"]

1.e4 c5 2.Nf3 d6 3.d4 cxd4 4.Nxd4 Nf6 5.Nc3 a6 6.Be3 h5 7.Be2 Nbd7 8.f4 Nc5
9.Bf3 e5 10.Nb3 Nxb3 11.axb3 Bd7 12.Qd2 Be7 13.O-O Rc8 14.Nd5 Nxd5 15.exd5 Bf6
16.c4 Bg4 17.Rae1 Bxf3 18.Rxf3 O-O 19.f5 Re8 20.Qc2 e4 21.Rf4 Qa5 22.Re2 b5
23.Rxe4 Rxe4 24.Qxe4 bxc4 25.bxc4 Qa4 26.Bf4 Kh7 27.g3 Rxc4 28.Qf3 h4 29.b3 Qa1+
30.Kg2 Rc8 31.Bxd6 Qb1 32.Be5 Bxe5 33.Rxe5 hxg3 34.hxg3 Qb2+ 35.Re2 Qd4 36.Qe4 Qd1
37.f6+ g6 38.Qf3 Rc1 39.Kh3 Rc2 40.Rf2 Qxf3 41.Rxf3 Rd2 42.Rc3 g5 43.Rc5 Kg6
44.Ra5 Rd3 45.b4 Rd4 46.Rxa6 Rxb4 47.g4 Rd4 48.Rd6 Rd3+ 49.Kg2 Rd4 50.Kg3 Rd3+
51.Kf2 Rd4 52.Kf3 Rf4+ 53.Kg3 Rd4 54.Kf3 Rf4+ 55.Kg3 Rd4 56.Kf3  1/2-1/2

[Event "15th Sants Open 2013"]
[Site "Barcelona ESP"]
[Date "2013.08.23"]
[Round "1.12"]
[White "Aroshidze,L"]
[Black "Carol Querol,S"]
[Result "1-0"]
[WhiteElo "2565"]
[BlackElo "2089"]

1.e4 c5 2.Nf3 d6 3.d4 cxd4 4.Nxd4 Nf6 5.Nc3 a6 6.Be3 e5 7.Nb3 Be6 8.f4 exf4
9.Bxf4 Nc6 10.Qe2 Be7 11.h3 Ne5 12.g4 Nfd7 13.O-O-O O-O 14.Kb1 Rc8 15.Qe3 Qc7
16.Qg3 b5 17.Rh2 Nb6 18.g5 Nbc4 19.Nd5 Bxd5 20.exd5 Rfe8 21.h4 Bf8 22.h5 Qb7
23.Bh3 Rc7 24.g6 Kh8 25.gxf7 Rxf7 26.Be6 Rxf4 27.Qxf4 Be7 28.h6 g6 29.Rf2 Qc7
30.Rdf1 Qd8 31.Nd4  1-0

[Event "Brasschaat Open 2013"]
[Site "Brasschaat BEL"]
[Date "2013.08.23"]
[Round "7.9"]
[White "Beukema,S"]
[Black "Boucquet,Emile"]
[Result "1-0"]
[WhiteElo "2321"]
[BlackElo "2055"]

1.e4 c5 2.Nf3 d6 3.d4 cxd4 4.Nxd4 Nf6 5.Nc3 a6 6.Be3 e5 7.Nb3 Be6 8.f4 exf4
9.Bxf4 Nc6 10.Qe2 Rc8 11.h3 Nb4 12.a3 Nh5 13.axb4 Nxf4 14.Qf2 Qf6 15.g3 Bxb3
16.gxf4 Rxc3 17.e5 dxe5 18.bxc3 Qc6 19.Qd2 Qxh1 20.O-O-O Qd5 21.Qe3 Qe6 22.cxb3 Be7
23.Bc4 Qf5 24.Qxe5 Qxe5 25.fxe5 Bg5+ 26.Kc2 Ke7 27.Bd5 b6 28.Ra1 Rd8 29.c4 Rd7
30.Rxa6 Be3 31.Kd3 Bf2 32.Ke4 g6 33.c5 bxc5 34.b5 Bg3 35.Rf6 Kd8 36.b6 Re7
37.Rd6+ Ke8 38.Bc6+ Kf8 39.Rd8+ Kg7 40.Rd5 f6 41.Kf3 Bxe5 42.Rxe5 fxe5 43.Ke4 Rf7
44.Kxe5 g5 45.b7 Rf8 46.Kd6 Kf6 47.Bd7 Rb8 48.Kc7 Rxb7+ 49.Kxb7 Ke5 50.Kc6 Kd4
51.Be6 Ke5 52.Bg8  1-0

[Event "XXX Collado Villalba Open 2013"]
[Site "Collado Villalba ESP"]
[Date "2013.08.23"]
[Round "1.13"]
[White "Martinez de Miguel,P"]
[Black "Martin Carmona,Gaston Manuel"]
[Result "1-0"]
[WhiteElo "2098"]
[BlackElo "1942"]

1.e4 c5 2.Nf3 d6 3.d4 cxd4 4.Nxd4 Nf6 5.Nc3 a6 6.Be3 e5 7.Nb3 Be6 8.Be2 Be7
9.Qd2 O-O 10.O-O b5 11.a3 Nbd7 12.f4 exf4 13.Rxf4 Ne5 14.Nd4 Rc8 15.Raf1 Qd7
16.Nf5 Ng6 17.R4f2 d5 18.Nxe7+ Nxe7 19.Rxf6 gxf6 20.Bd4 Rfd8 21.Qh6 dxe4
22.Bxf6 Qd4+ 23.Bxd4 Rxd4 24.Qf6 Nc6 25.Bh5 Rc7 26.Qf4 Re7 27.Nxe4 f5 28.Nf6+ Kg7
29.Qg5+ Kh8 30.Bf3 Ne5 31.Qe3 Nxf3+ 32.Rxf3 Rd8 33.Qc3 Rg7 34.Nh5 Rd7 35.Nxg7 Rxg7
36.Rg3  1-0

[Event "e2e4 Coventry Open"]
[Site "Coventry ENG"]
[Date "2013.08.24"]
[Round "2"]
[White "Fernandez,Michael"]
[Black "Burrows,M"]
[Result "1/2-1/2"]
[WhiteElo "1909"]
[BlackElo "2151"]

1.e4 c5 2.Nf3 d6 3.d4 cxd4 4.Nxd4 Nf6 5.Nc3 a6 6.Be3 e5 7.Nb3 Be6 8.f3 Nbd7
9.Bd3 b5 10.Qe2 Be7 11.O-O O-O 12.Rad1 Nb6 13.Qf2 Nc4 14.Bc1 Qc7 15.Kh1 b4
16.Ne2 d5 17.exd5 Nxd5 18.Nd2 Nce3 19.Ne4 Nxf1 20.Rxf1 f5 21.Ng5 Bxg5 22.Bxg5 Kh8
23.Qh4 Nf6 24.Qxb4 a5 25.Qh4 Rab8 26.b3 Rb4  1/2-1/2

[Event "e2e4 Coventry Open"]
[Site "Coventry ENG"]
[Date "2013.08.24"]
[Round "2"]
[White "Webster,R"]
[Black "David,Ivan"]
[Result "0-1"]
[WhiteElo "1952"]
[BlackElo "1815"]

1.e4 c5 2.Nf3 d6 3.d4 cxd4 4.Nxd4 Nf6 5.Nc3 a6 6.Be3 e5 7.Nb3 Be6 8.f3 Be7
9.Qd2 O-O 10.O-O-O a5 11.Bb5 Na6 12.Kb1 Qb8 13.g4 Nc7 14.g5 Nfe8 15.a4 Nxb5
16.Nxb5 Nc7 17.Nxa5 d5 18.Bb6 Nxb5 19.axb5 d4 20.c4 Bd8 21.Bxd8 Qxd8 22.b4 Rxa5
23.bxa5 Bxc4 24.b6 Qd6 25.f4 Rd8 26.Rc1 Qc6 27.Rxc4 Qxc4 28.Rc1 Qb5+ 29.Qb2 Qxa5
30.fxe5 d3 31.Rd1 Qa4 32.Rd2 Qxe4 33.Qc3 Qd5 34.h4 Qb5+ 35.Qb2 Qc4 36.Qa3 Qxh4
37.Qc3 Qxg5  0-1

[Event "3rd Isthmia Open"]
[Site "Vrachati GRE"]
[Date "2013.08.24"]
[Round "8.7"]
[White "Kourkoulos Arditis,Stamatis"]
[Black "Ashwin,J"]
[Result "0-1"]
[WhiteElo "2203"]
[BlackElo "2478"]

1.e4 c5 2.Nf3 d6 3.d4 cxd4 4.Nxd4 Nf6 5.Nc3 a6 6.Be3 e6 7.Be2 Qc7 8.a4 Nc6
9.O-O Be7 10.f4 O-O 11.Kh1 Re8 12.Bf3 Rb8 13.Qd2 Bd7 14.Rae1 Nxd4 15.Bxd4 e5
16.Be3 b5 17.axb5 axb5 18.Nd5 Nxd5 19.exd5 Bf6 20.fxe5 Bxe5 21.c3 Qc4 22.Qf2 f6
23.Bd2 Bf5 24.Ra1 Bg6 25.Ra6 Bf7 26.Rc6 Qd3 27.Rc7 Bxd5 28.Bxd5+ Qxd5 29.Qa7 f5
30.Bf4 Ra8 31.Qf2 Qe6 32.h3 Rf8 33.Re1 Rae8 34.Qb6 Qd5 35.Bxe5 dxe5 36.Qa7 Rf7
37.Rxf7 Qxf7 38.Qc5 Qc4 39.Qd6 e4 40.Qd7 Rf8 41.Ra1 e3 42.Ra7 Qf1+ 43.Kh2 Qf4+
44.Kg1 Qf2+ 45.Kh2 Qf4+ 46.Kg1 Qe5 47.Kf1 f4 48.Ke1 f3 49.gxf3 Qg3+ 50.Kd1 Qg1+
51.Kc2 e2  0-1

[Event "TCh-SRB 1st League 2013"]
[Site "Kragujevac SRB"]
[Date "2013.08.27"]
[Round "4.1"]
[White "Spasov,V"]
[Black "Nenezic,M"]
[Result "1-0"]
[WhiteElo "2573"]
[BlackElo "2393"]

1.e4 c5 2.Nf3 d6 3.d4 cxd4 4.Nxd4 Nf6 5.Nc3 a6 6.Be3 e5 7.Nf3 Be7 8.Bc4 O-O
9.O-O Nc6 10.Bb3 Na5 11.Bg5 Be6 12.Bxf6 Bxf6 13.Nd5 Nxb3 14.axb3 Rc8 15.c4 Bg5
16.Nxg5 Qxg5 17.Ne3 Rc6 18.Qd3 Qd8 19.Rfd1 Qb8 20.h3 Rfc8 21.Ra5 Qc7 22.Qd2 Qb6
23.Qc3 Qc7 24.Qb4 Qb6 25.Qa3 Rc5 26.Rxc5 dxc5 27.Nd5 Bxd5 28.Rxd5 f6 29.Qa4 Rc6
30.Rd7 h6 31.Rd5 Kh7 32.g3 Kg8 33.Kg2 Kf7 34.h4 Kg8 35.h5 Kf7 36.Qa3 Rc8
37.Qa4 Rc6 38.Kg1 Kg8 39.Kf1 Kf7 40.Kg2 Kg8 41.b4 cxb4 42.c5 Qc7 43.Qd1 Qe7
44.Rd7 Qe6 45.Rxb7 Kh7 46.Rb8 Rc8 47.Rxc8 Qxc8 48.Qd6 a5 49.c6 a4 50.Qd7 Qa8
51.Qf5+  1-0

[Event "XXX Collado Villalba Open 2013"]
[Site "Collado Villalba ESP"]
[Date "2013.08.28"]
[Round "6.22"]
[White "Cabrera Jimenez,Julio"]
[Black "Torres Samper,R"]
[Result "1-0"]
[WhiteElo "1854"]
[BlackElo "2004"]

1.e4 c5 2.Nf3 d6 3.d4 cxd4 4.Nxd4 Nf6 5.Nc3 a6 6.Be3 Ng4 7.Bg5 h6 8.Bh4 g5
9.Bg3 Bg7 10.h3 Ne5 11.f3 Nbc6 12.Bf2 Bd7 13.Qd2 Rc8 14.O-O-O Qa5 15.Nb3 Qc7
16.Nd5 Qb8 17.f4 gxf4 18.Qxf4 a5 19.a3 b5 20.Nb6 Nc4 21.Nxd7 Bxb2+ 22.Kb1 Kxd7
23.Bxc4 bxc4 24.Kxb2 a4 25.e5 cxb3 26.c3 Rhg8 27.exd6 Rxg2 28.Qf5+ Kd8 29.Qxf7 exd6
30.Rd2 Ne5 31.Bh4+ Rg5 32.Bxg5+ hxg5 33.Qf6+ Ke8 34.Re1 Qc7 35.Rd3 Qe7 36.Qh8+ Kd7
37.Qxe5  1-0

[Event "20th Graz Open 2013"]
[Site "Graz AUT"]
[Date "2013.08.28"]
[Round "5.4"]
[White "Goessler,Markus"]
[Black "Leisenberger,Harald"]
[Result "1-0"]
[WhiteElo "2124"]
[BlackElo "2092"]

1.e4 c5 2.Nf3 d6 3.d4 cxd4 4.Nxd4 Nf6 5.Nc3 a6 6.Be3 e5 7.Nb3 Be6 8.f3 Be7
9.Qd2 h5 10.O-O-O Nbd7 11.Kb1 Rc8 12.h3 h4 13.Bd3 b5 14.f4 g6 15.Qf2 Qc7
16.Rhf1 b4 17.Nd5 Bxd5 18.exd5 Nxd5 19.fxe5 Nxe5 20.Bd4 Nxd3 21.Qxf7+ Kd7
22.cxd3 Qc2+ 23.Ka1 Rh5 24.Rde1 Qxg2 25.Qe6+ Kd8 26.Bb6+ Rc7 27.Rf8+  1-0

[Event "TCh-SRB 1st League 2013"]
[Site "Kragujevac SRB"]
[Date "2013.08.28"]
[Round "5.1"]
[White "Kovacevic,A"]
[Black "Sarenac,D"]
[Result "1-0"]
[WhiteElo "2564"]
[BlackElo "2293"]

1.e4 c5 2.Nf3 d6 3.d4 cxd4 4.Nxd4 Nf6 5.Nc3 a6 6.Be3 e5 7.Nf3 Be7 8.Bc4 O-O
9.O-O Nc6 10.Qe2 Na5 11.Bd3 Be6 12.Na4 Nd7 13.c4 Nc6 14.Rad1 Nc5 15.Nc3 Qb8
16.Nd5 Bxd5 17.exd5 Nxd3 18.dxc6 Nb4 19.cxb7 Qxb7 20.a3 Nc6 21.b4 f5 22.c5 Rad8
23.Qc4+ Kh8 24.cxd6 Rxd6 25.Rxd6 Bxd6 26.Rd1 Rf6 27.Bg5 Rg6 28.Nh4 Nd4 29.Nxg6+ hxg6
30.Be3 Be7 31.Bxd4 exd4 32.Rxd4 Kh7 33.Rd3 g5 34.Qe6 Qc7 35.Rh3+  1-0

[Event "XXX Collado Villalba Open 2013"]
[Site "Collado Villalba ESP"]
[Date "2013.08.29"]
[Round "7.9"]
[White "Saez Gabikagogeaskoa,O"]
[Black "Martinez de Miguel,P"]
[Result "0-1"]
[WhiteElo "1995"]
[BlackElo "2098"]

1.e4 c5 2.Nf3 d6 3.d4 cxd4 4.Nxd4 Nf6 5.Nc3 a6 6.Be3 e5 7.Nf3 Qc7 8.a4 Be6
9.a5 Nbd7 10.Be2 Rc8 11.O-O Be7 12.Nd2 d5 13.exd5 Nxd5 14.Nxd5 Bxd5 15.Nb3 Qc6
16.f3 O-O 17.Bd3 Nc5 18.Nxc5 Bxc5 19.Bxc5 Qxc5+ 20.Kh1 Rfd8 21.Qe2 Bc4 22.Bxc4 Qxc4
23.Qxe5 Re8 24.Qd6 Re2 25.Rad1 h6 26.Rfe1 Qxc2 27.Rxe2 Qxe2 28.b4 Rc6 29.Qd5 Rc4
30.b5 axb5 31.h3 b4 32.Rb1 Qa2 33.Re1 Qc2 34.Re8+ Kh7 35.Qxf7  0-1

[Event "12th Kesarovski Mem"]
[Site "Sunny Beach BUL"]
[Date "2013.09.03"]
[Round "4.3"]
[White "Adair,J"]
[Black "Georgiev,Kr"]
[Result "1-0"]
[WhiteElo "2363"]
[BlackElo "2448"]

1.e4 c5 2.Nf3 d6 3.d4 cxd4 4.Nxd4 Nf6 5.Nc3 a6 6.Be3 e6 7.f3 Be7 8.Qd2 b5
9.g4 Bb7 10.O-O-O Nfd7 11.Kb1 Nc6 12.Nxc6 Bxc6 13.Ne2 O-O 14.Nd4 Bb7 15.g5 d5
16.f4 e5 17.fxe5 Nxe5 18.Nf5 d4 19.Bxd4 Bxg5 20.Qe2 Qc7 21.Nxg7 Kxg7 22.Rg1 h6
23.h4 f6 24.hxg5 hxg5 25.Qh2 Rae8 26.Bd3 Rh8 27.Qf2 Qd6 28.Be3 Qe6 29.Bxg5 fxg5
30.Rxg5+ Ng6 31.e5 Rh6 32.Rdg1 Rf8 33.Qa7 Rf7 34.Bxg6 Rxg6 35.Rxg6+ Qxg6
36.Rxg6+ Kxg6 37.b3 Kf5 38.Qc5 Rd7 39.Kb2 Bd5 40.Qc8 Be6 41.Qxa6 Rd5 42.a4 bxa4
43.Qxa4 Kxe5 44.c4 Rd3 45.Ka3 Bg4 46.Qe8+ Kd4 47.Qh8+ Ke3 48.Qe5+ Kf2 49.Qf4+ Bf3
50.Kb4 Ke1 51.c5 Bd5 52.Qc1+ Ke2 53.Qb2+ Kd1 54.Ka4 Be4 55.Ka5 Rd7 56.b4  1-0

[Event "Satka Autumn 2013"]
[Site "Satka RUS"]
[Date "2013.09.04"]
[Round "2"]
[White "Ainutdinova,Y"]
[Black "Bodnaruk,A"]
[Result "0-1"]
[WhiteElo "2098"]
[BlackElo "2462"]

1.e4 c5 2.Nf3 d6 3.d4 cxd4 4.Nxd4 Nf6 5.Nc3 a6 6.Be3 e5 7.Nf3 Be7 8.Bc4 O-O
9.O-O h6 10.Nd5 Nxd5 11.Bxd5 Nd7 12.Nd2 Nf6 13.c4 Ng4 14.Re1 Nxe3 15.Rxe3 g6
16.Rd3 Kg7 17.Qe2 Qc7 18.Nf1 Rb8 19.Rc3 Bd8 20.Rd1 Qe7 21.Rb3 b5 22.cxb5 axb5
23.Bc6 b4 24.Ne3 Qa7 25.a3 Qc5 26.Bd5 Bd7 27.axb4 Rxb4 28.Rxb4 Qxb4 29.b3 Bb6
30.h4 f5 31.h5 f4 32.Nc2 Qc3 33.Rd3 Qc5 34.hxg6 Rf6 35.Bc4 Rxg6 36.Ne1 Qc8
37.Qd2 Qf8 38.Kf1 Qe7 39.b4 Qh4 40.Ke2 f3+ 41.gxf3 Qxf2+ 42.Kd1 Ba4+ 43.Bb3 Bxb3+
44.Rxb3 Rg1 45.Rd3 Bd4 46.f4 h5 47.fxe5 dxe5 48.b5 h4 49.b6 Qxd2+ 50.Kxd2 Bxb6
51.Ke2 Rg4 52.Rh3 Rxe4+ 53.Kf1 Rf4+ 54.Ke2 e4 55.Rb3 Bg1 56.Rb5 Kg6 57.Rb8 Kf7
58.Rb7+ Ke6 59.Rg7 Bd4 60.Rg8 Rf2+ 61.Kd1 h3 62.Rg6+ Kd5 63.Rh6 h2  0-1

[Event "Satka Autumn 2013"]
[Site "Satka RUS"]
[Date "2013.09.04"]
[Round "2"]
[White "Semenova,El1"]
[Black "Vanishvili,Mari"]
[Result "1-0"]
[WhiteElo "2186"]
[BlackElo "1834"]

1.e4 c5 2.Nf3 d6 3.d4 cxd4 4.Nxd4 Nf6 5.Nc3 a6 6.Be3 e6 7.f4 b5 8.Qf3 Bb7
9.Bd3 b4 10.Nce2 Nbd7 11.g4 Nc5 12.Ng3 Qc7 13.g5 Nfd7 14.O-O-O Rc8 15.Kb1 d5
16.e5 Na4 17.f5 Nxe5 18.Qe2 Nxd3 19.cxd3 Qe5 20.fxe6 fxe6 21.Nf3 Qxb2+ 22.Qxb2 Nxb2
23.Kxb2 d4 24.Nxd4 Bxh1 25.Rxh1 Bc5 26.Re1 Kd7 27.Nh5 Bd6 28.Bd2 Rhf8 29.Re2 e5
30.Nc2 Rf3 31.Ne1 Rf7 32.Ng3 Bc5 33.Kb3 a5 34.Rxe5 Kd6 35.d4 Bb6 36.Ne4+ Kd7
37.Nc2 Rf3+ 38.Ne3 Rh3 39.Rd5+ Kc6 40.Rd6+ Kb7 41.Re6 Rc6 42.Re7+ Rc7 43.Nc5+ Kc6
44.Re5 Bxc5 45.Rxc5+ Kb6 46.Kc4 Rxc5+ 47.dxc5+ Kb7 48.Kd5 Rxh2 49.Nc4 Rf2
50.Kd6 Rf7 51.Nxa5+ Kc8 52.c6 h5 53.Nc4 h4 54.Nb6+ Kb8 55.Bf4 h3 56.Bh2 g6
57.Ke6+ Rc7 58.Nd5 b3 59.Bxc7+ Kc8 60.Kd6  1-0

[Event "12th Kesarovski Mem"]
[Site "Sunny Beach BUL"]
[Date "2013.09.08"]
[Round "9.9"]
[White "Codenotti,M"]
[Black "Dimitrov,R"]
[Result "1/2-1/2"]
[WhiteElo "2370"]
[BlackElo "2437"]

1.e4 c5 2.Nf3 d6 3.d4 cxd4 4.Nxd4 Nf6 5.Nc3 a6 6.Be3 e5 7.Nf3 Be7 8.Bc4 O-O
9.O-O Nc6 10.Qe2 Na5 11.Bg5 Nxc4 12.Qxc4 Be6 13.Qd3 Qc7 14.Rfd1 Rfd8 15.Bxf6 Bxf6
16.Nd5 Bxd5 17.Qxd5 Qxc2 18.Rac1 Qa4 19.Rc7 Qe8 20.Rxb7 Rab8 21.g3 Rxb7 22.Qxb7 Qa4
23.Rc1 g6 24.Rc7 Qxa2 25.b3 Rf8 26.Qd5 Bd8 27.Rc6 Be7 28.Qc4 a5 29.Kg2 Qa3
30.Ra6 Qb4 31.Qd5 Rb8 32.Ra7 Kf8 33.Ng5 Qxb3 34.Nxh7+ Kg7 35.Qxb3 Rxb3 36.Rxe7 a4
37.Ng5 Kf6 38.Rxf7+ Kxg5 39.h4+ Kh6 40.g4 a3 41.Ra7 g5 42.h5 Rd3 43.Kf1 Rh3
44.Ke2 Rh4 45.Kf3 Rh3+ 46.Ke2 Rh4 47.Kf3  1/2-1/2

[Event "Lake Sevan 2013"]
[Site "Martuni ARM"]
[Date "2013.09.09"]
[Round "2.5"]
[White "Popov,Iv RUS"]
[Black "Andriasian,Z"]
[Result "1/2-1/2"]
[WhiteElo "2656"]
[BlackElo "2631"]

1.e4 c5 2.Nf3 d6 3.d4 cxd4 4.Nxd4 Nf6 5.Nc3 a6 6.Be3 Ng4 7.Bg5 h6 8.Bh4 g5
9.Bg3 Bg7 10.h3 Ne5 11.f3 Nbc6 12.Bf2 Be6 13.Qd2 Rc8 14.O-O-O b5 15.Kb1 Qa5
16.Nb3 Qc7 17.h4 Nc4 18.Bxc4 bxc4 19.Nd4 Nxd4 20.Bxd4 Bxd4 21.Qxd4 Rg8 22.hxg5 hxg5
23.Nd5 Bxd5 24.exd5 c3 25.b3 Qc5 26.Qa4+ Qb5 27.Qg4 Rc7 28.Rd4 a5 29.Re1 Kd8
30.Qf5 f6 31.Qe4 Rh8 32.a4 Qc5 33.Rc4 Qa3 34.Rxc3 Rxc3 35.Qxe7+ Kc8 36.Qxf6 Rxb3+
37.cxb3 Qxb3+ 38.Qb2 Qxb2+ 39.Kxb2 g4 40.fxg4 Rh4 41.Re4 Rh2 42.Kc3 Rxg2
43.Kd3 Rg3+ 44.Kc4 Kc7 45.Kb5 Rd3 46.Kxa5 Rxd5+ 47.Ka6 Rc5 48.a5 Kc6 49.Rf4 d5
50.Rf6+ Kc7 51.Rf5 Kc6 52.g5 d4 53.Rxc5+ Kxc5 54.g6 d3 55.g7 d2 56.g8=Q d1=Q
57.Qc8+ Kb4 58.Qb7+ Ka3 59.Qe7+ Ka4 60.Qe4+ Ka3 61.Qe3+ Ka4 62.Qe4+ Ka3 63.Qc6 Qd3+
64.Kb7 Qb3+ 65.Ka7 Qf7+ 66.Kb6 Qb3+ 67.Kc7 Qf7+ 68.Qd7 Qc4+ 69.Kb6  1/2-1/2

[Event "Satka Autumn 2013"]
[Site "Satka RUS"]
[Date "2013.09.11"]
[Round "9"]
[White "Vanishvili,Mari"]
[Black "Vyalykh,Anastasiya"]
[Result "0-1"]
[WhiteElo "1834"]
[BlackElo "1798"]

1.e4 c5 2.Nf3 d6 3.d4 cxd4 4.Nxd4 Nf6 5.Nc3 a6 6.Be3 e6 7.Qd2 b5 8.f3 Bb7
9.O-O-O Be7 10.g4 Nc6 11.h4 Rc8 12.g5 Nd7 13.Bh3 Nc5 14.Nce2 Ne5 15.Nf4 Nc4
16.Qe2 Nxe3 17.Qxe3 e5 18.Nh5 g6 19.Nf6+ Bxf6 20.gxf6 Rc7 21.Ne2 Qxf6 22.h5 b4
23.Bg4 Bc8 24.Qd2 Bxg4 25.fxg4 b3 26.Qa5 Rc8 27.Nc3 Qf4+ 28.Kb1 bxc2+ 29.Kxc2 O-O
30.hxg6 hxg6 31.Kb1 Nxe4 32.Nd5 Qg5 33.Qe1 Nc5 34.Qf1 Kg7 35.Nf6 Rh8 36.Rxh8 Rxh8
37.Rxd6 e4 38.Qe1 Qe5 39.Qc3 Qxc3 40.bxc3 e3 41.Kc2 Ne6 42.Ne4 Rh2+ 43.Kd1 Rxa2
44.Ng3 Nf4 45.c4 e2+ 46.Nxe2 Rxe2 47.Rxa6 Re4 48.c5 Ne6 49.c6 Rxg4 50.Kd2 Rc4
51.Kd3 Rc5  0-1

[Event "Alushta Autumn 4 2013"]
[Site "Alushta UKR"]
[Date "2013.09.16"]
[Round "11"]
[White "Pavlov,Ma"]
[Black "Mikhaletz,L"]
[Result "1-0"]
[WhiteElo "2408"]
[BlackElo "2428"]

1.e4 c5 2.Nf3 d6 3.d4 cxd4 4.Nxd4 Nf6 5.Nc3 a6 6.Be3 e5 7.Nb3 Be6 8.Qd2 Nbd7
9.f3 Be7 10.O-O-O Qc7 11.g4 O-O 12.Kb1 Rfc8 13.g5 Nh5 14.Qf2 b5 15.Nd5 Bxd5
16.Rxd5 Rab8 17.Bh3 g6 18.Bg4 Ng7 19.h4 f6 20.gxf6 Nxf6 21.Bxc8 Nxd5 22.Be6+ Nxe6
23.exd5 Ng7 24.Qd2 Rf8 25.f4 Bf6 26.fxe5 Bxe5 27.a3 Qc4 28.Bg5 Rf1+ 29.Rxf1 Qxf1+
30.Ka2 Nf5 31.Na5 Kg7 32.Nc6 Qc4+ 33.b3 Qc3 34.Nxe5 Qxe5 35.Qd3 Qd4 36.Qxd4+ Nxd4
37.c4 h6 38.Bd8 bxc4 39.bxc4 g5 40.hxg5 hxg5 41.Bxg5 Kg6 42.Bf4 Nf5 43.Kb3 Kf7
44.Ka4 Ke7 45.Ka5  1-0

[Event "TCh-CRO Ia Liga 2013"]
[Site "Bol CRO"]
[Date "2013.09.16"]
[Round "3.1"]
[White "Stevic,H"]
[Black "Armanda,I"]
[Result "1-0"]
[WhiteElo "2626"]
[BlackElo "2373"]

1.e4 c5 2.Nf3 d6 3.d4 cxd4 4.Nxd4 Nf6 5.Nc3 a6 6.Be3 e6 7.f3 Be7 8.Qd2 b5
9.a4 b4 10.Na2 e5 11.Nf5 Bxf5 12.exf5 a5 13.Bb5+ Nbd7 14.c3 bxc3 15.Nxc3 O-O
16.g4 Nc5 17.Rd1 Nb3 18.Qd3 Ne8 19.Ne4 Nd4 20.Bxd4 exd4 21.Qxd4 Bh4+ 22.Kf1 Rc8
23.Kg2 Rc2+ 24.Kh3 Bf6 25.Nxf6+ Nxf6 26.Qxd6 Qa8 27.Rd3 h5 28.gxh5 Qc8 29.Bd7 Qc4
30.Rg1 Nxh5 31.Rg4 Qa2 32.Rg5 Qxb2 33.Rxh5 Rd8 34.f6 Rxd7 35.Qf8+  1-0